00549cam a2200205 a 45000010005000000030008000050050017000130080041000300350018000710350014000890400025001030410008001280820028001361000044001642450032002082600035002403000031002755040019003066500018003257972BD-RjUL20211208234514.0140116s1953 enka 001 0 eng d a(BD-RjUL)8016 a(BD-RjUL) aANLbengcANLdNSL:R aeng04a629.13338220bCLI 19531 aCleator, P. E.q(Philip Ellaby),d1908-10aInto space /cP. E. Cleator aLondon :bAllen & Unwin,c1953 a159 p. :billus. ;c22 cm. aIncludes index 0aSpace flight.